000 00503nam a2200181Ia 4500
005 20250326125444.0
008 250326s9999 xx 000 0 und d
037 _aTextbook
040 _aFMSL
_beng
_cFMSL
041 _aeng
_2eng
084 _aY:7 L3
_qFMSL
100 _aPettigrew A M
_9739120
245 0 _aPolities of organizational decision-making
_cPettigrew A M
260 _aLondon
_bLondon, Tavistock
_c1973
300 _a302p
942 _cTB
_hY:7 L3
999 _c1278142
_d1278142